Uluslararası Cumhuriyet eğitim dergisi

Detalles Bibliográficos
Autor Corporativo: Cumhuriyet Üniversitesi. Eğitim Fakültesi
Formato: Electrónico Revista
Lenguaje:turco
inglés
Publicado: Sivas, Turkey : Cumhuriyet Üniversitesi Eğitim Fakültesi
Materias:
Acceso en línea:Full text available from Research Library: 01/01/2015 to present

MARC

LEADER 00000nas a2200000 i 4500
001 ssj0001172743
003 WaSeSS
005 20200512172242.0
006 m d
007 cr n
008 121114c20129999tu qr p s 0 0tur c
010 |a  2013238790 
035 |a (WaSeSS)ssj0001172743 
040 |a CNCGM  |b eng  |c CNCGM  |d OCLCQ  |d IUL  |d AU@  |d OCLCO  |d IUL  |d OCLCA  |d CUS  |d OCLCF  |d OCLCO  |d OCLCA  |d WaSeSS 
041 0 |a tur  |a eng 
042 |a pcc 
050 4 |a LA940  |b .U48 
245 0 0 |a Uluslararası Cumhuriyet eğitim dergisi  |h [electronic resource]. 
246 1 |a Cumhuriyet international journal of education 
246 1 |a CIJE 
260 |a Sivas, Turkey :  |b Cumhuriyet Üniversitesi Eğitim Fakültesi 
310 |a Quarterly 
362 1 |a Began with Vol 1, No 1 (March 2012). 
506 |a License restrictions may limit access. 
546 |a In Turkish and English. 
588 |a Description based on: Vol 1, No 1 (March 2012); title from cover (publisher's Web site, viewed October 16, 2013). 
588 |a Latest issue consulted: Vol 2, No 3 (July 2013). 
650 0 |a Education  |z Turkey  |v Periodicals. 
650 7 |a Education.  |2 fast  |0 (OCoLC)fst00902499 
651 7 |a Turkey.  |2 fast  |0 (OCoLC)fst01208963 
655 0 |a Electronic journals. 
710 2 |a Cumhuriyet Üniversitesi.  |b Eğitim Fakültesi. 
856 4 0 |z Full text available from Research Library: 01/01/2015 to present  |u https://search.proquest.com/publication/2042728